|
|
|
|
| LEADER |
00773nam a22002297a 4500 |
| 001 |
29912 |
| 003 |
BD-DhAAL |
| 005 |
20150906113145.0 |
| 008 |
150906s1990 bg ||||| |||| 00| 0 eng d |
| 040 |
|
|
|a BD-DhAAL
|c BD-DhAAL
|
| 082 |
|
|
|2 22
|a 307.1412095492
|
| 245 |
|
|
|a The research and evaluation division :
|b annual report 1989
|
| 260 |
|
|
|a Dhaka :
|b Research and Evaluation Division,
|c 1990
|
| 300 |
|
|
|a 30 p. ;
|c 30 cm.
|
| 541 |
|
|
|e 29912
|
| 610 |
|
|
|a BRAC
|9 14403
|
| 650 |
|
|
|a Rural development
|z Bangladesh
|9 14404
|
| 710 |
|
|
|a BRAC
|9 14403
|
| 852 |
|
|
|a Ayesha Abed Library
|
| 942 |
|
|
|2 ddc
|c BK
|
| 999 |
|
|
|c 35431
|d 35431
|
| 952 |
|
|
|0 0
|1 0
|2 ddc
|4 0
|6 307_141209549200000_RES
|7 0
|9 55717
|a BRACUL
|b BRACUL
|c GEN
|d 2015-09-06
|l 0
|o 307.1412095492 RES
|p 3010029912
|r 2015-09-06
|t 1
|w 2015-09-06
|y BK
|